00413nam a2200121Ia 4500008004000000082001700040100001400057245007500071260004900146300001100195650006900206700001600275210210b1987 xxu||||| |||| 00| 0 eng d a621.313 STEE aSTEIN (R) aElectric power systems components: transformers and rotating machines. aDelhibCBS Publishers and Distributorsc1987 aix,477 aElectric power systems components transformers rotating machines aHUNT (W T).